| 000 | 00500nam a22001817a 4500 | ||
|---|---|---|---|
| 003 | CEME | ||
| 005 | 20210628204103.0 | ||
| 008 | 210107b xxu||||| |||| 00| 0 eng d | ||
| 020 | _a97801992316482 | ||
| 040 | _cceme | ||
| 082 | _a658.054678 REY | ||
| 100 |
_aReynolds, Jonathan _968669 |
||
| 245 | _aE-business a management perspective | ||
| 260 |
_aNEW YORK _bOXFORD UNIVERSITY PRESS _c 2010 |
||
| 300 | _aXXIV, 469P | ||
| 650 |
_aE-BUSINESS A MANAGEMENT PERSPECTIVE _968670 |
||
| 942 |
_cBK _2ddc |
||
| 999 |
_c576176 _d576176 |
||